La judía de Toledo / (Record no. 10031)

MARC details
000 -LEADER
campo de control de longitud fija 00645nam a2200229 i 4500
001 - NÚMERO DE CONTROL
campo de control 10031
003 - IDENTIFICADOR DE NÚMERO DE CONTROL
campo de control ES-MaACL
005 - FECHA Y HORA DE LA ÚLTIMA TRANSACCIÓN
campo de control 20260626101041.0
007 - CAMPO FIJO DE DESCRIPCIÓN FÍSICA--INFORMACIÓN GENERAL
campo de control de longitud fija t|
008 - DATOS DE LONGITUD FIJA--INFORMACIÓN GENERAL
campo de control de longitud fija 941028s1993 sp ||||1| spa d
020 ## - NÚMERO INTERNACIONAL ESTÁNDAR DEL LIBRO
Número Internacional Estándar del Libro 84-7640-642-8
080 ## - NÚMERO DE LA CLASIFICACIÓN DECIMAL UNIVERSAL
Número de la Clasificación Decimal Universal 83-311.6"19"
080 ## - NÚMERO DE LA CLASIFICACIÓN DECIMAL UNIVERSAL
Número de la Clasificación Decimal Universal 83(Feuchtwanger,L.7 J.03=6)
100 0# - ENTRADA PRINCIPAL--NOMBRE DE PERSONA
Nombre de persona Feuchtwanger, Lion,
Fechas asociadas al nombre 1884-1958
9 (RLIN) 50633
245 13 - MENCIÓN DEL TÍTULO
Título La judía de Toledo /
Mención de responsabilidad, etc. Lion Feuchtwanger.
260 ## - PUBLICACIÓN, DISTRIBUCIÓN, ETC.
Lugar de publicación, distribución, etc. Madrid :
Nombre del editor, distribuidor, etc. Edaf,
Fecha de publicación, distribución, etc. D.L. 1993.
300 ## - DESCRIPCIÓN FÍSICA
Extensión 488 p. ;
Dimensiones 24 cm.
490 1# - MENCIÓN DE SERIE
Mención de serie Clío/narrativa ;
Designación de volumen o secuencia 15
830 0# - PUNTO DE ACCESO ADICIONAL DE SERIE-TÍTULO UNIFORME
Título uniforme Clío/narrativa ;
Designación de volumen o secuencia 15
9 (RLIN) 180525
852 ## - LOCALIZACIÓN
Ubicación ES-MaACL
Número de control de estantería L-17486
Sublocalización o colección R.122911
Holdings
Estatus retirado Estado de pérdida Estado de daño No para préstamo Biblioteca de origen Biblioteca actual Ubicación en estantería Fecha de adquisición Fuente de adquisición Total de préstamos Signatura topográfica completa Código de barras Visto por última vez Precio de reemplazo Tipo de ítem Koha
        Biblioteca del Ateneo de Madrid Biblioteca del Ateneo de Madrid Depósito 2 17/01/2008     L-17486 1010238 23/02/2023 23/02/2023 Libro impreso